000 00709nam a2200181 a 4500
008 060424s1992 ||||||||||||||||| || u
020 _a0944298680
050 _aHF 5430 Ale
100 _aMuhlebach, Richard F., 1943-
245 1 0 _aShopping center management
260 _aChicago :
_bInstitute of Real Estate Management of the National Association of Realtors
_c1992
300 _axix, 403 p. : ill.
350 _a0.00
500 _aIncludes bibliographical references
650 _aSHOPING CENTERS - MANAGEMENT
700 _aAlexander, Alan A
995 _D0.00
_FCBU-MAIN LIBRARY (Kitwe)
_H1
_I261.92
_UAVAILABLE
_ZMain Library Open Access Collection
999 _c57414
_d57414